000 00352nam a2200097Ia 4500
008 220120s9999||||xx |||||||||||||| ||und||
100 _aAnukrishna, Reeshma, Saranya and Siji Das
_912477
245 0 _aOCR based autonavigation of robot using sign board
260 _aCoorg Institute of Technology
_bPonnampet
_c2013
650 _aELECTRONICS AND COMMUNICATIONS
999 _c138064
_d138064